01374nam a2200265 a 450000100100000000500170001000800410002704000250006808200200009310000330011324500840014626000370023030000210026759000660028859000260035465000280038065000310040870000450043991000370048495201330052195201330065495201820078795201240096999900150109300001013820240412074215.0091005s1977 dr 000 p spa d aDO-SdBNPbspacBNPHU aRD861.44bA973i1 aAybar Mella, Salvador92513310aInvocación a Dios /cSalvador Aybar Mella ; prólogo Miguel Angel Jiménez. aSanto Domingo :bPadilla,c1977. a104 p. ;c25 cm. aLa biblioteca posee 2 ejemplares ortografíados por el autor aInventariado, 2018/LP 0aPoesía dominicana966 0aLiteratura dominicana.96712aJiménez, Miguel Angel,epról.925134 aValidado. Control de calidad MFF 001054708DSaGRbGRcHDd2009-10-05iLF1l0oRD861.44 A973ip10138-30r2020-06-25te. 3w2020-06-25yLFDSZPréstamo en sala 001054708DSaGRbGRcHDd2011-09-06iLF1l0oRD861.44 A973ip10138-40r2020-06-25te. 4w2020-06-25yLFDSZPréstamo en sala 0010718PDaPDbPDcHDd2009-10-05iLF1l0oRD861.44 A973ip10138-10r2020-06-25w2020-06-25yLFPDzPerteneció a la bibliteca personal de Germán Emilio Ornes.ZNo se presta 0010718PDaPDbPDcHDd2009-10-05iLF1l0oRD861.44 A973ip10138-20r2020-06-25te. 2w2020-06-25yLFPDZNo se presta c9897d9897